000 00477nam a2200205Ia 4500
001 1624
003 GE_BSU
008 181216s||||||||xx |||||||||||||| ||und||
040 _cGE_BSU
080 _a665.6(075.8)
245 _aХимия нефти.
245 _cПод ред. З.И.Сюняева.
260 _aЛ.
260 _bХимия.
260 _c1984.
300 _a360 стр. 21 см.
541 _h10 л.
653 _aХимия нефти.
942 _cBK
999 _c35745
_d35745